00823nam a2200241 4500003000400000005001700004008004100021020001500062040001800077050002000095100003000115240004800145245014300193250002300336264003100359300003300390336002200423337002400445338002400469650002800493700002300521700003700544OSt20260601193848.0260417b1990 Mx |||| |||| 00| 0 spa d a9686642854 aICIbspacICI aHD9980.5bF4518 a Feketekuty, Geza,eautor 1aInternational trade in services.lEspañol 1aComercio internacional de serviciosbPanorama general y modelo para las negociaciones /cGeza feketekuty ; traducción de Ana I. Stellino a Primera edición bGernika,c1990aMéxico : a380 páginasbilustraciones atexto2rdacontent asin medio2rdamedia avolumen2rdacarrier 4aIndustrias de servicios 1a Feketekuty, Geza. 1aStellino, Ana Isabel,etraductor